Normal view
MARC view
- Pro/ENGINEER
Entry Uniform Title
001 - CONTROL NUMBER
- control field: 81256
003 - CONTROL NUMBER IDENTIFIER
- control field: NUST
005 - DATE AND TIME OF LATEST TRANSACTION
- control field: 20210805110246.0
008 - FIXED-LENGTH DATA ELEMENTS
- fixed length control field: 210805|| aca||aabn | a|a d
040 ## - CATALOGING SOURCE
- Original cataloging agency: NUST
- Transcribing agency: NUST
130 ## - HEADING--UNIFORM TITLE
- Uniform title: Pro/ENGINEER
670 ## - SOURCE DATA FOUND
- Source citation: Work cat.: (NUST)32170: Kelley, David S., Pro/Engineer 2001 Assistant , c2001.
